00482nam a2200181Ia 450000500170000000800410001702000180005804100080007608200150008410000170009924500490011625000120016526000340017730000090021150000320022065000310025270000170028320230228150247.0230125s9999 xx 000 0 und d a9788183765510 aeng a659.1bBHA aBhattnagar A aThe Law Of Journalism And Mass Communication a1st Ed. c2018bABD PublicationaJaipur a277p aadvertising;IMC;Journalism  aadvertising;IMC;Journalism aBhattnagar A